| 000 | 01619nam a22003854a 4500 | ||
|---|---|---|---|
| 001 | ebr10160561 | ||
| 003 | CaPaEBR | ||
| 006 | m u | ||
| 007 | cr cn||||||||| | ||
| 008 | 051102s2006 enkab sb 001 0beng | ||
| 010 | _z 2005031802 | ||
| 020 | _z9780195177480 (alk. paper) | ||
| 020 | _z0195177487 (alk. paper) | ||
| 040 |
_aCaPaEBR _cCaPaEBR |
||
| 035 | _a(OCoLC)560274813 | ||
| 043 | _ae-it--- | ||
| 050 | 1 | 4 |
_aDG737.97 _b.M3 2006eb |
| 082 | 0 | 4 |
_a945/.5105092 _aB _222 |
| 100 | 1 | _aMartines, Lauro. | |
| 245 | 1 | 0 |
_aFire in the city _h[electronic resource] : _bSavonarola and the struggle for the soul of Renaissance Florence / _cby Lauro Martines. |
| 260 |
_aOxford ; _aNew York : _bOxford University Press, _c2006. |
||
| 300 |
_axvi, 336 p. : _bill. (some col.), maps. |
||
| 504 | _aIncludes bibliographical references (p. 313-321) and index. | ||
| 533 |
_aElectronic reproduction. _bPalo Alto, Calif. : _cebrary, _d2013. _nAvailable via World Wide Web. _nAccess may be limited to ebrary affiliated libraries. |
||
| 600 | 1 | 0 |
_aSavonarola, Girolamo, _d1452-1498. |
| 610 | 2 | 0 |
_aDominicans _zItaly _zFlorence _vBiography. |
| 650 | 0 |
_aReformers _zItaly _zFlorence _vBiography. |
|
| 651 | 0 |
_aFlorence (Italy) _xHistory _y1421-1737. |
|
| 651 | 0 |
_aFlorence (Italy) _xPolitics and government _y1421-1737. |
|
| 651 | 0 |
_aFlorence (Italy) _xChurch history. |
|
| 651 | 0 |
_aFlorence (Italy) _vBiography. |
|
| 655 | 7 |
_aElectronic books. _2local |
|
| 710 | 2 | _aebrary, Inc. | |
| 856 | 4 | 0 |
_uhttp://site.ebrary.com/lib/rucke/Doc?id=10160561 _zAn electronic book accessible through the World Wide Web; click to view |
| 999 |
_c133027 _d133027 |
||